| 000 | 00365nam a2200121Ia 4500 | ||
|---|---|---|---|
| 008 | 230524s9999 xx 000 0 und d | ||
| 100 | _a"Narain G.Hingorani, Laszlo Gyugyi" | ||
| 245 | 0 | _aUnderstanding FACTS: Concepts and Technology of Flexible AC Transmission Systems | |
| 260 | _bJ.Wiley | ||
| 500 | _aQuantity Number: 133 | ||
| 650 | _aElectrical | ||
| 942 | _cBK | ||
| 999 |
_c50462 _d50462 |
||